Statistics for Countries with two or more words

Click here to take the quiz!

General Stats

  • This quiz has been taken 366 times
  • The average score is 29 of 37

Answer Stats

Answer % Correct
United States
96%
United Kingdom
96%
South Korea
96%
North Korea
95%
South Africa
93%
New Zealand
89%
Saint Vincent and the Grenadines
84%
Dominican Republic
84%
Saint Kitts and Nevis
84%
Democratic Republic of the Congo
83%
Saint Lucia
82%
Republic of the Congo
82%
Trinidad and Tobago
82%
United Arab Emirates
82%
South Sudan
82%
Papua New Guinea
80%
Marshall Islands
78%
Saudi Arabia
77%
Antigua and Barbuda
76%
Solomon Islands
76%
Sao Tome and Principe
76%
Bosnia and Herzegovina
74%
Sri Lanka
74%
Equatorial Guinea
73%
San Marino
73%
Czech Republic
72%
Costa Rica
72%
El Salvador
72%
Guinea-Bissau
71%
Vatican City
70%
East Timor
69%
Central African Republic
69%
Cape Verde
69%
Burkina Faso
66%
Cote d'Ivoire
64%
Federated States of Micronesia
62%
Sierra Leone
62%

Score Distribution

Percentile by Number Answered

Percent of People with Each Score

Your Score History

You have not taken this quiz